000 00721nam a2200241 i 4500
001 bg
100 1 _aSPIELBERGER, Ulrich
245 1 0 _aBiologiczna apteka weterynaryjna /
_cUlrich Spielberger, Roland Schaette ; przekład Waldemar Fortuna.
260 _aWarszawa :
_bStowarzyszenie EKOLAND :
_bAgencja ARIES,
_c1993.
300 _a110 s. ;
_c22 cm.
650 9 _aHomeopatia
_xweterynaria
650 9 _aWeterynaria
655 _aWydawnictwa popularne
700 1 _aSCHAETTE, Roland
700 1 _aFORTUNA, Waldemar.
_eTł.
020 _a8385787046
040 _cBPK
041 1 _apl
_hde
080 _a619::636.1/.5:615.3
920 _a83-85787-04-6
942 _cKS
008 s pl f |000 0 pol
999 _c31005
_d31005
856 _uhttp://koha.tu.koszalin.pl/cgi-bin/koha/opac-detail.pl?biblionumber=31005
_yKatalog online BPK